History of Indian Cinema/ (Record no. 163331)

MARC details
000 -LEADER
fixed length control field 00534nam a2200181 4500
005 - DATE AND TIME OF LATEST TRANSACTION
control field 20190410123818.0
010 ## - LCCN (DPL NO)
LC control number ENG-125037
020 ## - INTERNATIONAL STANDARD BOOK NUMBER
International Standard Book Number 9788192557106
Terms of availability 475.00
035 ## - SYSTEM CONTROL NUMBER
System control number EN-108569
037 ## - SOURCE OF ACQUISITION
Source of stock number/acquisition DBAD/PUB
082 ## - DEWEY DECIMAL CLASSIFICATION NUMBER
Classification number 791.430
100 ## - MAIN ENTRY--PERSONAL NAME
Personal name Jha,N.N.
245 ## - TITLE STATEMENT
Title History of Indian Cinema/
Statement of responsibility, etc by N.N. Jha
260 ## - PUBLICATION, DISTRIBUTION, ETC. (IMPRINT)
Place of publication, distribution, etc Allahabad
Name of publisher, distributor, etc Anurag Publication
Date of publication, distribution, etc 2015
270 ## - ADDRESS
Address 116/70 Lukerganj
City Allahabad
Postal code 211001
Electronic mail address anuragpublication@gmail.com
300 ## - PHYSICAL DESCRIPTION
Extent v;160p.
Dimensions 23cms(Hbk)
942 ## - ADDED ENTRY ELEMENTS (KOHA)
Source of classification or shelving scheme Dewey Decimal Classification
Item type English Books
Classification part 791.430
Call number suffix JHA
Holdings
Withdrawn status Lost status Not for loan Collection code Home library Current library Date acquired Source of acquisition Cost, normal purchase price Full call number Barcode Copy number Cost, replacement price Koha item type
    Not For Loan Non-fiction D.B.Act.Division Patel Nagar 10/04/2019 DBAD/PUB 475.00 791.430 JHA EN-108569 1 475.00 English Books

© Delhi Public Library
Hit Counter
free hit counter